Central Library OPAC University of Rajshahi
Normal view MARC view

Entry Topical Term

Number of records used in: 1

001 - CONTROL NUMBER

  • control field: 12417

003 - CONTROL NUMBER IDENTIFIER

  • control field: BD-RjUL

005 - DATE AND TIME OF LATEST TRANSACTION

  • control field: 20240319110456.0

008 - FIXED-LENGTH DATA ELEMENTS

  • fixed length control field: 240319|| aca||aabn | a|a d

040 ## - CATALOGING SOURCE

  • Original cataloging agency: BD-RjUL
  • Transcribing agency: BD-RjUL

150 ## - HEADING--TOPICAL TERM

  • Topical term or geographic name entry element: Higher Education
  • Form subdivision: Psychosocial Problems
  • Geographic subdivision: Bangladesh

670 ## - SOURCE DATA FOUND

  • Source citation: Work cat.: (BD-RjUL)83399: Farhana, Fahmida 12416, Psychosocial Problems of Rural and Urban College Students in Rajshahi Region of Bangladesh /, 2006